Detalles MARC
| 000 -LEADER |
| campo de control de longitud fija |
01711nam a22003374i 4500 |
| 003 - IDENTIFICADOR DE NÚMERO DE CONTROL |
| campo de control |
PE-LiUPU |
| 005 - FECHA Y HORA DE LA ÚLTIMA TRANSACCIÓN |
| campo de control |
20260217092636.0 |
| 008 - DATOS DE LONGITUD FIJA--INFORMACIÓN GENERAL |
| campo de control de longitud fija |
200709s2007 ag a rb 000 0 spa d |
| 020 ## - NÚMERO INTERNACIONAL ESTÁNDAR DEL LIBRO |
| Número Internacional Estándar del Libro |
9789875673342 |
| 035 ## - NÚMERO DE CONTROL DEL SISTEMA |
| Número de control de sistema |
PE-LiUPU000000 |
| 040 ## - FUENTE DE CATALOGACIÓN |
| Centro catalogador/agencia de origen |
PE-LiUPU |
| Lengua de catalogación |
spa |
| Centro/agencia transcriptor |
PE-LiUPU |
| Normas de descripción |
rda |
| 082 04 - NÚMERO DE LA CLASIFICACIÓN DECIMAL DEWEY |
| Número de clasificación |
248.844 |
| Cutter |
H719v |
| Número de edición |
23 |
| 100 1# - ENTRADA PRINCIPAL--NOMBRE DE PERSONA |
| Nombre de persona |
Hohnberger, Jim, |
| Término indicativo de función/relación |
autor. |
| 9 (RLIN) |
8032 |
| 245 10 - MENCIÓN DEL TÍTULO |
| Título |
Vidas fortalecidas : |
| Resto del título |
estrategias para construir una relación saludable con Dios, con su cónyuge y con sus hijos / |
| Mención de responsabilidad, etc. |
Jim Hohnberger. |
| 264 #1 - PRODUCCIÓN, PUBLICACIÓN, DISTRIBUCIÓN, FABRICACIÓN Y COPYRIGHT |
| Producción, publicación, distribución, fabricación y copyright |
Florida, Buenos Aires : |
| Nombre del de productor, editor, distribuidor, fabricante |
Asociación Casa Editora Sudamericana, |
| Fecha de producción, publicación, distribución, fabricación o copyright |
2007. |
| 300 ## - DESCRIPCIÓN FÍSICA |
| Extensión |
317 páginas ; |
| Dimensiones |
21 cm |
| 336 ## - TIPO DE CONTENIDO |
| Término de tipo de contenido |
text |
| Fuente |
rdacontent |
| 337 ## - TIPO DE MEDIO |
| Nombre/término del tipo de medio |
unmediated |
| Fuente |
rdamedia |
| 338 ## - TIPO DE SOPORTE |
| Nombre/término del tipo de soporte |
volume |
| Fuente |
rdacarrier |
| 500 ## - NOTA GENERAL |
| Nota general |
Título original en inglés: Empowered Living. |
| 500 ## - NOTA GENERAL |
| Nota general |
Traducción de: Empowered Living (Pacific Press Publishing Association, 2002). |
| 504 ## - NOTA DE BIBLIOGRAFÍA, ETC. |
| Nota de bibliografía, etc. |
Incluye referencias bibliográficas. |
| 505 0# - NOTA DE CONTENIDO CON FORMATO |
| Nota de contenido con formato |
VIDAS FORTALECIDAS -- No incluye baterías -- Cruzar por encima -- Unidos para recibir -- Menos intentos, más logros -- MATRIMONIOS FORTALECIDOS -- Perdido y encontrado -- Encender la llama -- Tiempo en la hamaca -- Quitar las espinas -- FAMILIAS FORTALECIDAS -- Átomos independientes -- Tiempo para ser una familia -- La firma familiar -- Concilios de familia -- Fracasar no es una opción. |
| 650 18 - PUNTO DE ACCESO ADICIONAL DE MATERIA--TÉRMINO DE MATERIA |
| Término de materia o nombre geográfico como elemento de entrada |
Vida cristiana. |
| 650 18 - PUNTO DE ACCESO ADICIONAL DE MATERIA--TÉRMINO DE MATERIA |
| Término de materia o nombre geográfico como elemento de entrada |
Matrimonio cristiano. |
| 650 18 - PUNTO DE ACCESO ADICIONAL DE MATERIA--TÉRMINO DE MATERIA |
| Término de materia o nombre geográfico como elemento de entrada |
Relaciones familiares |
| Subdivisión general |
Aspectos religiosos |
| -- |
Cristianismo. |
| 700 1# - ENTRADA AGREGADA--NOMBRE PERSONAL |
| Nombre de persona |
Mangold, Ethel D., |
| Término indicativo de función/relación |
traductora. |
| 700 ## - ENTRADA AGREGADA--NOMBRE PERSONAL |
| Nombre de persona |
Ostuni, Pablo D., |
| Término indicativo de función/relación |
director editorial. |
| 9 (RLIN) |
8033 |
| 942 ## - ELEMENTOS DE ENTRADA SECUNDARIOS (KOHA) |
| Fuente del sistema de clasificación o colocación |
Clasificación Decimal Dewey |
| Tipo de ítem Koha |
Libros físicos |
| 980 ## - EQUIVALENCIA O REFERENCIA-CRUZADA-MENCIÓN DE SERIE--NOMBRE DE PERSONA/TÍTULO [LOCAL, CANADÁ] |
| ID del usuario creador del registro |
18228 |
| Nombre del creador del registro |
Rebeca Esther Huerta Leyton |
| ID del último usuario que modificó el registro |
18226 |
| Nombre del último usuario que modificó el registro |
Jaime Vilcazán Jefe de Análisis Documental |